NAZIONI CON PIù PATRIMONI UNESCO - Statistics

Statistiche generali
  • Questo quiz è stato fatto 58 volte
  • Il punteggio medio è 28 su 34
Statistiche sulle risposte
NAZIONE NUMERO % Corretto
ASIA CINA 57
100%
EUROPA ITALIA 59
100%
EUROPA SPAGNA 50
100%
EUROPA FRANCIA 52
98%
EUROPA GERMANIA 52
98%
AMERICA BRASILE 23
96%
ASIA GIAPPONE 25
94%
OCEANIA AUSTRALIA 20
92%
AMERICA CANADA 22
92%
AMERICA MESSICO 36
92%
EUROPA PORTOGALLO 17
92%
EUROPA RUSSIA 31
92%
AMERICA USA 25
92%
AMERICA ARGENTINA 12
90%
EUROPA GRECIA 19
88%
EUROPA REGNO UNITO 33
88%
AMERICA PERU 13
86%
EUROPA POLONIA 17
84%
EUROPA SVEZIA 15
84%
ASIA INDIA 42
82%
ASIA TURCHIA 21
82%
EUROPA AUSTRIA 12
80%
ASIA COREA DEL SUD 16
78%
EUROPA SVIZZERA 13
78%
EUROPA REPUBBLICA CECA 17
76%
EUROPA BELGIO 16
75%
EUROPA CROAZIA 10
75%
ASIA IRAN 27
75%
EUROPA PAESI BASSI 13
75%
AFRICA SUDAFRICA 10
69%
EUROPA DANIMARCA 11
67%
ASIA INDONESIA 10
59%
EUROPA BULGARIA 10
53%
AFRICA ETIOPIA 11
27%
Nessun quiz corrispondente trovato
Distribuzione punteggi
Percentuale di utenti per punteggio
Percentile per numero di risposta
I tuoi punteggi nel tempo
Non hai fatto questo quiz